A handbook of petroleum, asphalt and natural gas, methods of analysis, specifications, properties, refining processes, statistics, tables and bibliography (Record no. 38857)

MARC details
000 -LEADER
fixed length control field 00461nam a2200145Ia 4500
020 ## - INTERNATIONAL STANDARD BOOK NUMBER
ISBN 9781290026697
050 ## - CALL MARK
Classification number TP 690 .C85/
100 ## - STATEMENT OF RESPONSIBILITY--MAIN AUTHOR NAME
Personal name Cross, Roy
245 #2 - TITLE STATEMENT
Title A handbook of petroleum, asphalt and natural gas, methods of analysis, specifications, properties, refining processes, statistics, tables and bibliography
260 ## - PUBLICATION, DISTRIBUTION, ETC. (IMPRINT)
Name of publisher HardPress
260 ## - PUBLICATION, DISTRIBUTION, ETC. (IMPRINT)
Year of publication 2023
942 ## - ADDED ENTRY ELEMENTS (KOHA)
Koha item type Books
Holdings
Withdrawn status Lost status Source of classification or shelving scheme Damaged status Not for loan Permanent Location Current Location Shelving location Date acquired Accession Number Price effective from Koha item type
    Library of Congress Classification     NILE UNIVERSITY OF NIGERIA - MAIN LIBRARY NILE UNIVERSITY OF NIGERIA - MAIN LIBRARY Items on shelf 06/03/2025 0196054 06/03/2025 Books
    Library of Congress Classification     NILE UNIVERSITY OF NIGERIA - MAIN LIBRARY NILE UNIVERSITY OF NIGERIA - MAIN LIBRARY Items on shelf 06/03/2025 0196055 06/03/2025 Books